| 000 | 00000nam##2200000za#4500 |
| 001 | 9.630732 |
| 003 | CaOODSP |
| 005 | 20210624214000 |
| 007 | cr ||||||||||| |
| 008 | 150407|2000||||xxc|||||o f|0| 0 fre|d |
| 020 | |a0-662-86236-8 |
| 040 | |aCaOODSP|bfre |
| 043 | |an-cn--- |
| 086 | 1 |aE2-245/2000F-IN |
| 110 | 1 |aCanada.|bAffaires étrangères et Commerce international. |bCentre canadien pour le développement de la politique étrangère. |
| 245 | 10|aRapport de la Table ronde des experts étrangers en missiles balistiques, 30-31 mars 2000 (Ottawa, Ontario) / |h[ressource électronique]|cErnie Regehr et Peter Moore. |
| 260 | |aOttawa - Ontario : |bAffaires étrangères et Commerce international. |c[2000]. |
| 300 | |a11p. |
| 590 | |a10-06-Supp|b2010-07-26 |
| 691 | 07|aArme offensive|2gcpds |
| 691 | 07|aLimitation des armements|2gcpds |
| 691 | 07|aPolitique étrangère|2gcpds |
| 720 | 1 |aRegehr, Ernie |
| 720 | 1 |aMoore, Peter |
| 775 | 08|tBallistic Missiles Foreign Experts Roundtable report, March 30-31, 2000 (Ottawa) / |w(CaOODSP)9.686037 |
| 776 | 0#|tRapport de la Table ronde des experts étrangers en missiles balistiques / |w(CaOODSP)9.681623 |
| 856 | 40|ahttp://publications.gc.ca|qPDF|s680 Ko|uhttps://publications.gc.ca/collections/Collection/E2-245-2000F.pdf |
| 986 | |a1008.6F |